LEADER 01268nam a2200253 u 4500 001 000000085120 003 CaOOAMICUS 005 20070226124143.0 008 050728s1937 it acf u000 u ita u 035 $a11055624 040 $aPUL(R)$bita 100 1 $aSchuster, Ildefonso,$cb.,$d1880-1954.$0(OLS)http://pul/name/3974 245 13$aIl iv centenario dalla nascita di S. Carlo (1538-1938) :$blettera pastorale al clero e al popolo ambrosiano /$cA. Ildefonso card. Schuster. 260 $aVarese :$bTip. Arcivescovile dell'Addolorata,$c1937. 300 $a56 p., [15] c. di tav. :$bill., ritr. ;$c22 cm 504 $aRiferimenti bibliografici in nota. 600 04$aCarolus Borromaeus,$cs.,$d1538-1584.$0(OLS)http://pul/subject/296 850 $aPUL 852 $aPUL$W1$xDP1 Fondo Cecchetti$y53$m276 F 23$j108193$nBK-PRI$b $qFondi$B108193$CPULBib$Z2$F108193 $HPUL7864 $81 941 1 $a1 960 $aCarlo Borromeo,$cs.,$d1538-1584$9296 960 $aBorromeo, Carlo,$cs.,$d1538-1584$9296 996 $6245$aIl iv centenario dalla nascita di S. Carlo (1538-1938) :$blettera pastorale al clero e al popolo ambrosiano$9(OLS)http://pul/title/110532 996 $6260$aVarese :$bTip. Arcivescovile dell'Addolorata$9(OLS)http://pul/publisher/77010 LEADER 01512nam a2200325 a 4500 001 000000167495 003 CaOOAMICUS 005 20180504152440.0 008 180504s2002 it u000 u ita r 020 $a88-04-51085-4* 032 $aLibriCat 040 $aPUL$bita 041 1 $aita$heng 100 1 $aRifkin, Jeremy.$0(OLS)http://pul/name/86691 240 14$aThe end of work : $bthe decline of the global labor force and the dawn of the post-market era.$lItaliano.$0(OLS)http://pul/title/207563 245 13$aLa fine del lavoro : $bil declino della forza lavoro globale e l'avvento dell'era post-mercato /$cJeremy Rifkin ; traduzione di Paolo Canton . 260 $aMilano :$bMondadori,$c2002. 300 $a519 p. ; $c20 cm. 490 1 $aOscar bestsellers ;$v1295 650 4$aMutamento sociale.$0(OLS)http://pul/subject/39101 650 4$aCiviltà$xStoria.$0(OLS)http://pul/subject/954 700 1 $aCanton, Paolo.$0(OLS)http://pul/name/86913 830 0$aOscar bestsellers ;$v1295.$0(OLS)http://pul/title/135259 850 $aPUL 852 $aPUL$W1$xDP1 Fondo Dalla Palma$y117$m3 B 75$j166063$qFondi$B195143$CPULBib$Z2$F195143 $HDal2224 $81 941 1 $a1 996 $6020$a88-04-51085-4*$9(OLS)http://pul/number/163929 996 $6245$aLa fine del lavoro : $bil declino della forza lavoro globale e l'avvento dell'era post-mercato$9(OLS)http://pul/title/207564 996 $6260$aMilano :$bMondadori$9(OLS)http://pul/publisher/50297